书目信息 |
| 题名: |
简明微生物工程
|
|
| 作者: | 曹军卫 | |
| 分册: | ||
| 出版信息: | 北京 科学出版社 |
|
| 页数: | 305 | |
| 开本: | 26cm | |
| 丛书名: | ||
| 单 册: | ||
| 中图分类: | TQ93 | |
| 科图分类: | ||
| 主题词: | 蛋白质--化学加工--化学工业 | |
| 电子资源: | ||
| ISBN: | 7-03-021892-6 | |
| 000 | 00545nam0 2200181 450 | |
| 001 | 1735540546 | |
| 005 | 20170410095220.54 | |
| 010 | @a7-03-021892-6@d¥30.00 | |
| 100 | @a20170410d km y0chiy0120 ea | |
| 101 | 0 | @achi |
| 200 | 1 | @a简明微生物工程@Ajian ming wei sheng wu gong cheng@f曹军卫等@Fcao jun wei deng |
| 210 | @a北京@c科学出版社 | |
| 215 | @a305@d26cm | |
| 606 | 0 | @a蛋白质@x化学加工@x化学工业 |
| 690 | @aTQ93@v4 | |
| 701 | 0 | @a曹军卫@Acao jun wei |
| 801 | 0 | @aCN@b大连网信软件有限公司图书馆·11@c20170410 |
| 905 | @b6602684@dTQ93@en3@f1 | |
| 简明微生物工程/曹军卫等.-北京:科学出版社 |
| 305;26cm |
| ISBN 7-03-021892-6:¥30.00 |
| ● |
| 相关链接 |
|
|
|
|
正题名:简明微生物工程
索取号:TQ93/n3
 
预约/预借
| 序号 | 登录号 | 条形码 | 馆藏地/架位号 | 状态 | 备注 |
| 1 | 6602684 | 266026846 | 密集书库-生命科学系/ [索取号:TQ93/n3] | 在馆 |